000 00802nam a2200229 a 4500
001 41939
003 BD-RjUL
005 20211209053455.0
008 160607s1952 bg ||||| |||| 00| 0 ben d
035 _a(BD-RjUL)42057
040 _aBD-RjUL
_bben
_cBD-RjUL
041 _aben
082 _223
_a297
_bALM 1952
100 _aআলী, মুজাফফর
_9128895
245 1 0 _aমুসলিম-প্রতিভা :
_bবিশ্বসভ্যতায় মুসলিমের দান /
_cমুজাফফর আলী
250 _a৩য় সং.
260 _aঢাকা :
_bএম হোসেন,
_c১৯৫২
300 _a[৮], ১৯২ পৃ. ;
_c১৮ সেমি.
650 _aইসলাম
_9128896
650 _aIslam
_9128897
942 _2ddc
_cBK
999 _c41939
_d41939